مكافحة الجريمة عبر الإنترنت : (Record no. 24810)
[ view plain ]
| 000 -الفاتح | |
|---|---|
| حقل البيانات ثابتة الطول | 02283nam a22003015a 4500 |
| 003 - محدد رقم الضبط | |
| رقم الضبط | OSt |
| 005 - وقت وتاريخ اخر تعامل مع التسجيلة | |
| رقم الضبط | 20170509130508.0 |
| 008 - عناصر البيانات ثابتة الطول - معلومات عامة | |
| حقل البيانات ثابتة الطول | 170509s2010 ua a frb i000 0 ara d |
| 020 ## - الرقم الدولى المعيارى للكتب | |
| الرقم الدولى المعيارى للكتاب | 9789775675668 |
| 040 ## - مصدر الفهرسة | |
| وكالة الفهرسة الأصلية | EG-ScBUE |
| لغة الفهرسة | ara |
| وكالة النسخ | EG-ScBUE |
| 043 ## - رمز المنطقة الجغرافية | |
| رمز المنطقة الجغرافية | ma----- |
| 082 04 - رقم تصنيف ديوى العشرى | |
| رقم التصنيف | 364.16809174927 |
| رقم المادة | ا ل م |
| رقم الطبعة | 22 |
| 110 2# - المدخل الرئيسى - إسم هيئة | |
| اسم الهيئة أو اسم السلطة كمدخل | المنظمة العربية للتنمية الإدارية. |
| 245 10 - بيان العنوان | |
| العنوان | مكافحة الجريمة عبر الإنترنت : |
| بقية العنوان | بحوث وأوراق عمل : ندوة "مكافحة الجريمة عبر الإنترنت على المستوى العربي"، شرم الشيخ-جمهورية مصر العربية، يونيو 2007-ندوة الإرهاب الإلكتروني، القاهرة -جمهورية مصر العربية، إبريل 2007-ندوة أمن وحماية نظم المعلومات في المؤسسات العربية، القاهرة-جمهورية مصر العربية، يونيو 2007-ورشة عمل أمن المعلومات والتوقيع الإلكتروني، القاهرة-جمهورية مصر العربية، إبريل 2007 / |
| بيان المسئوليه,etc | المنظمة العربية للتنمية الإدارية. |
| 260 ## - PUBLICATION, DISTRIBUTION, ETC. (IMPRINT) | |
| مكان الناشر او الموزع | القاهرة ؛ |
| -- | الشارقة، الإمارات العربية المتحدة : |
| اسم الناشر او الموزع | المنظمة العربية للتنمية الإدارية، |
| تاريخ النشر أو التوزيع | 2010. |
| 300 ## - الوصف المادى | |
| التعداد | 266 ص. ؛ |
| أبعاد الوعاء | 24 سم. |
| 490 0# - بيان السلسلة | |
| عنوان السلسلة | منشورات المنظمة العربية للتنمية الإدارية |
| 490 0# - بيان السلسلة | |
| عنوان السلسلة | أعمال المؤتمرات |
| 504 ## - تبصرة ببليوجرافية | |
| تبصرة ببليوجرافية,الخ | يشتمل على إرجاعات ببليوجرافية. |
| 650 #7 - المدخل الاضافى بالموضوع-مصطلح موضوعى | |
| مصطلح موضوعي أو اسم جغرافي كعنصر مدخل | جرائم الحاسبات الإلكترونية |
| التقسيم الفرعي العام | مكافحة |
| التقسيم الفرعي الجغرافي | البلاد العربية. |
| مصدر الرأس أو المصطلح | BUEsh |
| 651 ## - المدخل الاضافى بالموضوع - اسم جغرافى | |
| مصدر الرأس أو المصطلح | BUEsh |
| 653 ## - مصطلح تكشيفى غير مقيد | |
| Resource For college | Law |
| Arrived date list | May2017 |
| 711 2# - المدخل الاضافى -عنوان مؤتمر | |
| اسم المؤتمر أو اسم السلطة كمدخل | ندوة مكافحة الجريمة عبر الإنترنت على المستوى العربي |
| تاريخ الاجتماع | (2008 : |
| موقع المؤتمر | شرم الشيخ، مصر) |
| 711 2# - المدخل الاضافى -عنوان مؤتمر | |
| اسم المؤتمر أو اسم السلطة كمدخل | ندوة الإرهاب الإلكتروني |
| تاريخ الاجتماع | (2007 : |
| موقع المؤتمر | القاهرة، مصر) |
| 711 2# - المدخل الاضافى -عنوان مؤتمر | |
| اسم المؤتمر أو اسم السلطة كمدخل | ندوة أمن وحماية نظم المعلومات في المؤسسات العربية |
| تاريخ الاجتماع | (2007 : |
| موقع المؤتمر | القاهرة، مصر) |
| 711 2# - المدخل الاضافى -عنوان مؤتمر | |
| اسم المؤتمر أو اسم السلطة كمدخل | ورشة عمل أمن المعلومات والتوقيع الإلكتروني |
| تاريخ الاجتماع | (2007 : |
| موقع المؤتمر | القاهرة، مصر) |
| 942 ## - عناصر المدخل الإضافي( كوها) | |
| مصدر التصنيف او مخطط الترفيف | Dewey Decimal Classification |
| حالة التراجع | حالة الفقد | مصدر التصنيف او خطة الترفيف | حالة تلف | ليس للاعارة | مجموعات كوها | المكان الدائم | المكان الحالي | موقع الترفيف | تاريخ الاكتساب | Source of acquisition | سعر الشراء الطبيعي | تعداد مسلسل / التسلسل الزمني | رقم الاستدعاء | الباركود | Date last seen | مُعار | التكلفة | نوع الوعاء |
|---|---|---|---|---|---|---|---|---|---|---|---|---|---|---|---|---|---|---|
| Dewey Decimal Classification | Scientific_Group | Central Library | Central Library | First floor | 09/05/2017 | Purchase | 175.00 | 666 | 364.16809174927 ا ل م | 000046071 | 15/07/2025 | 01/06/2022 | 218.75 | Book - Borrowing |